STN ISO 5799 Fotografia priamo exponovaný lekársky a dentálny radiografický film a systémy spracovania : stanovenie citlivosti podľa ISA a priemerného grandientu podľa ISO

Bibliographic Details
Format: Book
Language:Undetermined
Published: Bratislava Slovenský ústav technickej normalizácie 2002
Subjects:

MARC

LEADER 00000nam a2200000 a 4500
001 vtls001479362
003 SK-MaSNL
005 20260302073616.0
008 130607s2002 xo 0 und
035 |a SNK000434660 
040 |a SNK  |b slo  |c SNK  |e AACR2 
044 |a xo  |c SK 
245 1 |a STN ISO 5799 Fotografia  |b priamo exponovaný lekársky a dentálny radiografický film a systémy spracovania : stanovenie citlivosti podľa ISA a priemerného grandientu podľa ISO 
260 |a Bratislava  |b Slovenský ústav technickej normalizácie  |c 2002 
500 |a táto norma obsahuje ISO 5799: 1991 
655 7 |a normy  |2 SNK  |9 70643 
999 |c 1161597  |d 1163527 
952 |t P60, <03>, [BOOK], {603}  |a SNK  |b SNK  |y PREZ  |7 0  |p 17A0437961  |o snkSTN ISO 5799  |i snkN 3125/2004  |0 0  |1 0  |4 0  |d 2004-07-27  |l 0  |r 2005-01-02 00:00:00  |w 2026-02-24 
952 |a SNK  |b SNK  |y PREZ  |7 0  |p 17A0437962  |o snkSTN ISO 5799 D1  |i snkN 3126/2004  |0 0  |1 0  |4 0  |d 2004-07-27  |l 0  |r 2005-01-02 00:00:00  |w 2026-02-24